[Event "Titled Tuesday intern op 02nd Apr Late"]
[Site "Chess.com INT"]
[Date "2024.04.02"]
[Round "3"]
[White "Curi, Gabriel"]
[Black "Guo, Anni"]
[Result "1-0"]
[WhiteElo "2106"]
[BlackElo "1902"]
[PlyCount "25"]
[EventDate "2024.04.02"]
[EventType "swiss (blitz)"]
[EventRounds "11"]
[EventCountry "USA"]
[SourceTitle "CB15_2024"]
[SourceDate "2024.04.10"]
[SourceVersion "1"]
[SourceVersionDate "2024.04.10"]
[SourceQuality "1"]

1. d4 Nf6 2. Nc3 e6 3. Bf4 d5 4. e3 c5 5. Nb5 Na6 6. c3 Qb6 7. a4 Bd7 8. h3 Be7 9. Nf3 Nh5 10. Bh2 Nf6 11. Be2 0-0 12. 0-0 Nc7 13. Bxc7 1-0

[Event "Pan American-ch School U15 Girls 12th"]
[Site "Callao"]
[Date "2023.10.18"]
[Round "5"]
[White "Guo, Anni"]
[Black "Soliz Flores, Luz Neyda"]
[Result "1-0"]
[WhiteElo "1920"]
[BlackElo "1482"]
[PlyCount "93"]
[EventDate "2023.10.16"]
[EventType "swiss"]
[EventRounds "9"]
[EventCountry "PER"]
[SourceTitle "Mega2024 Update 01"]
[Source "Chessbase"]
[SourceDate "2023.11.12"]
[SourceVersion "1"]
[SourceVersionDate "2023.11.12"]
[SourceQuality "1"]

1. e4 c5 2. Nf3 d6 3. d4 cxd4 4. Nxd4 Nf6 5. f3 e5 6. Nb3 a5 7. a4 d5 8. Bg5 d4 9. c3 Qb6 10. cxd4 exd4 11. Bb5+ Bd7 12. Qxd4 Qd6 13. Nc3 Nc6 14. Qxd6 Bxd6 15. 0-0-0 Be7 16. Rhe1 h6 17. Be3 Rc8 18. Kb1 Ne5 19. Nxa5 Bxb5 20. Nxb5 Nc4 21. Rc1 Bb4 22. Nxc4 Bxe1 23. Ncd6+ Kd7 24. Nxc8 Rxc8 25. Rxe1 Ne8 26. Rd1+ Ke7 27. b4 Nc7 28. Bc5+ Kf6 29. Nxc7 Rxc7 30. Rd5 g6 31. Kc2 Kg7 32. Kd3 g5 33. a5 f6 34. Rd6 h5 35. Bd4 Rf7 36. Kc4 g4 37. Kd5 Kg6 38. f4 h4 39. e5 Kf5 40. Rxf6+ Rxf6 41. exf6 g3 42. hxg3 hxg3 43. f7 Kxf4 44. f8Q+ Kg4 45. Ke4 Kh5 46. Kf5 Kh4 47. Qh6# 1-0

[Event "Wch FIDE Online U12 Girls America qual"]
[Site "Tornelo INT"]
[Date "2020.12.02"]
[Round "3"]
[White "Guo, Anni"]
[Black "Mayeregger Gonzalez, Fiorella Allegra"]
[Result "1-0"]
[WhiteElo "1312"]
[BlackElo "1168"]
[PlyCount "77"]
[EventDate "2020.12.01"]
[EventType "swiss (rapid)"]
[EventRounds "7"]
[EventCountry "ISS"]
[SourceTitle "EXT 2022"]
[Source "ChessBase"]
[SourceDate "2021.10.06"]
[SourceVersion "1"]
[SourceVersionDate "2021.10.06"]
[SourceQuality "1"]

1. e4 d5 2. exd5 Nf6 3. d4 Nxd5 4. c4 Nf6 5. Nc3 Nc6 6. Be3 Bg4 7. f3 Bf5 8. Bd3 Bxd3 9. Qxd3 e6 10. Nge2 Nb4 11. Qd2 Be7 12. 0-0 0-0 13. a3 Nc6 14. b4 a6 15. Rfd1 h6 16. d5 exd5 17. Nxd5 Nxd5 18. cxd5 Ne5 19. Rac1 Rc8 20. Ng3 Qd7 21. Bf4 Bf6 22. Ne4 Qe7 23. Re1 Rce8 24. Nc5 c6 25. Bxe5 Bxe5 26. f4 Bxf4 27. Qxf4 Qd8 28. Rxe8 Rxe8 29. dxc6 bxc6 30. Rf1 f6 31. Qc4+ Kh8 32. Nxa6 Qb6+ 33. Nc5 Qa7 34. a4 Qe7 35. Qd4 Qe3+ 36. Qxe3 Rxe3 37. a5 Kh7 38. Ra1 Re8 39. a6 1-0

[Event "Wch FIDE Online U12 Girls America qual"]
[Site "Tornelo INT"]
[Date "2020.12.02"]
[Round "2"]
[White "Mou, Iris Zhaoying"]
[Black "Guo, Anni"]
[Result "1-0"]
[WhiteElo "1828"]
[BlackElo "1312"]
[PlyCount "49"]
[EventDate "2020.12.01"]
[EventType "swiss (rapid)"]
[EventRounds "7"]
[EventCountry "ISS"]
[SourceTitle "EXT 2022"]
[Source "ChessBase"]
[SourceDate "2021.10.06"]
[SourceVersion "1"]
[SourceVersionDate "2021.10.06"]
[SourceQuality "1"]

1. e4 c5 2. Nf3 d6 3. Bb5+ Bd7 4. Bxd7+ Qxd7 5. 0-0 Nf6 6. e5 dxe5 7. Nxe5 Qc7 8. d4 cxd4 9. Bf4 Qb6 10. Na3 Nc6 11. Nac4 Qa6 12. Re1 e6 13. Nxc6 Qxc6 14. Ne5 Qb6 15. c3 dxc3 16. Qa4+ Ke7 17. Bg5 Rd8 18. Rad1 Qc7 19. Rxd8 Kxd8 20. Bxf6+ gxf6 21. Rd1+ Bd6 22. Rxd6+ Qxd6 23. Nxf7+ Ke7 24. Nxd6 cxb2 25. Qb3 1-0